00636cam a2200181 a 4500020004000000020004300040040000800083082002600091100003000117245007200147260006000219300003400279650002200313650001000335650002500345700002500370856005900395 a1422116913 (hardcover : alk. paper) a9781422116913 (hardcover : alk. paper) cDLC00a658 HAR 2007 A113 Or.1 aEagly, Alice Hendrickson.10aThrough the labyrinth :bthe truth about how women become leaders / aBoston, Mass. :bHarvard Business School Press,cc2007. axii, 308 p. :bill. ;c25 cm. 0aWomen executives. 0aWomen 0aLeadership in women.1 aCarli, Linda Lorene,41uhttp://www.loc.gov/catdir/toc/ecip0712/2007009123.html